000 00728nam a2200265Ia 4500
005 20260121165207.0
008 008 260114s9999 xx 000 0 eng d
020 _a9783319591117
037 _aEBOOK
040 _aCRL
040 _beng
040 _cCRL
041 _2eng
041 _aeng
084 _qCRL
100 _aJyoti Choudrie, M. Sirajul Islam, Fathul Wahid, Julian M. Bass, Johanes Eka Priyatma
_91048677
245 0 _aInformation and Communication Technologies for Development
260 _bSpringer
260 _bSpringer
260 _c2017
856 _uhttps://link.springer.com/openurl?genre=book&isbn=978-3-319-59111-7
942 _cEBOOK
999 _c1614402
_d1614402